000 02951nam0a2200373 4500
001 RU\NLR\BIBL_A\022662257
005 20260128145800.0
010 _a978-5-4479-0506-4
_950
021 _aRU
_bКН-П-25-058171
_9КН-П-25-5601
035 _a(NLR Aleph) 022662257
090 _a13539300
_c13539300
100 _a20251110d2025 u y0rusy50 ca
101 0 _arus
102 _aRU
105 _aa j 000yy
181 0 _ai3
_baxxe
182 0 _an
200 1 _aПаразитарные болезни животных, вызываемые простейшими
_eучебное пособие
_eпо выполнению лабораторных занятий и самостоятельной работы для обучающихся по специальности 36.05.01 Ветеринария
_fС. А. Акимова, А. А. Ряднов, Д. А. Злепкин, С. А. Фоменко
_gМинистерство науки и высшего образования Российской Федерации, Департамент координации деятельности организаций в сфере сельскохозяйственных наук, Федеральное государственное бюджетное образовательное учреждение высшего образования "Волгоградский государственный аграрный университет", Факультет Биотехнологий и ветеринарной медицины, Кафедра "Ветеринарно-санитарная экспертиза, заразные болезни и морфология"
203 _aТекст
_bвизуальный
_cнепосредственный
210 _aВолгоград
_cВолгоградский ГАУ
_d2025
215 _a107 с.
_cил., табл.
_d21
320 _aБиблиогр.: с. 103-106 (55 назв.)
606 1 _aПростейшие-паразиты животных
_jУчебные издания для высших учебных заведений
_2nlr_sh2
_3RU\NLR\AUTH\6601657034
606 1 _aПаразитарные болезни животных
_xЭтиология и патогенез
_xРоль простейших
_jУчебные издания для высших учебных заведений
_2nlr_sh2
_3RU\NLR\AUTH\6601765461
686 1 _aП873.5я73
686 1 _aП873.6я73
701 1 _aАкимова
_bС. А.
_gСветлана Александровна
701 1 _aРяднов
_bА. А.
_f1967-
_gАлексей Анатольевич
_3RU\NLR\AUTH\77120539
701 1 _aЗлепкин
_bД. А.
_cканд. биол. наук
_gДмитрий Александрович
_3RU\NLR\AUTH\770143502
701 1 _aФоменко
_bС. А.
_gСветлана Анатольевна
942 _cBOOK
980 _aNB